000 00347nam a2200133Ia 4500
008 231129s1972||||xx |||||||||||||| ||spa||
040 _bspa
082 _aCo864 C311a
100 _aCarranza Eduardo
245 0 _aLos amigos del poeta : Evocaciones literarias nombres y sombras
260 _c1972
264 _aBanco Popular
942 _2ddc
_cBKS
999 _c19470
_d19470